| 000 | 01633cam a22003254a 4500 | ||
|---|---|---|---|
| 999 |
_c7024 _d7024 |
||
| 001 | 7024 | ||
| 003 | BD-JhCC | ||
| 005 | 20180204105424.0 | ||
| 008 | 020204s2002 maua b 001 0 eng | ||
| 020 | _a1580174485 (pbk. : alk. paper) | ||
| 035 | _a(BD-JhCC)7024 | ||
| 040 |
_aDLC _cDLC _dDLC |
||
| 041 | _aeng | ||
| 050 | 0 | 0 |
_aTX147 _b.S6224 2002 |
| 082 | 0 | 0 |
_a640 _221 _bSMA 2002 |
| 100 | 1 |
_aSmallin, Donna, _d1960- |
|
| 245 | 1 | 0 |
_aOrganizing plain & simple / _cby Donna Smallin. |
| 246 | 3 | _aOrganizing plain and simple | |
| 260 |
_aNorth Adams, MA : _bStorey Books, _cc2002. |
||
| 300 |
_ax, 309 p. ; _bill. (some col.) ; _c24 cm. |
||
| 500 | _aIncludes bibliographical references and index. | ||
| 505 | 0 | _aGetting started. First things. Uncluttering your home. Organizing basics. Staying organized -- Organizing room by room. Entryways. Kitchen and dining area. Family room. Bedroom. Kids' rooms. Bathroom. The office. Storage and utility areas -- Organizing finances. Managing your money. Spending and debt. Savings and investments. Living on less -- Organizing time. Managing yourself. Organizing your work. Balancing home and work -- Organizing home life. Organizing your family. Organizing to go. Managing your household. Organizing for safety -- Organizing transitions. Organizing for the seasons. Moving. New beginnings. Organizing your estate. | |
| 650 | 0 | _aHome economics. | |
| 650 | 0 | _aTime management. | |
| 650 | 0 | _aStorage in the home. | |
| 650 | 0 | _aOrganization. | |
| 856 | 4 | 2 |
_3Publisher description _uhttp://www.loc.gov/catdir/enhancements/fy0713/2002001586-d.html |
| 942 |
_2ddc _cBK |
||